[Event "Miedzynarodowy Festiwal Szachowy VARSOVIA 2019 - grupa A"]
[Site "Warszawa"]
[Date "1899-12-30"]
[Round "5.19"]
[White "Harazinska, Magdalena"]
[Black "Wojtaszewski, Piotr"]
[Result "0-1"]
[WhiteTitle "WFM"]
[BlackTitle "I++"]
[WhiteElo "1994"]
[BlackElo "2045"]

1. d4 Nf6 2. c4 e6 3. Nc3 Bb4 4. e3 O-O 5. Bd3 b6 6. Nf3 Bb7 7. O-O Bxc3 8. bxc3
Ne4 9. Qc2 f5 10. c5 Rf6 11. Nd2 Ng5 12. f3 Rh6 13. e4 f4 14. Nb3 Qf6 15. Bd2
Nc6 16. Rab1 Rf8 17. Qc1 Ne7 18. c4 Ng6 19. e5 Qf7 20. cxb6 axb6 21. Nc5 bxc5
22. Rxb7 cxd4 23. Bxg6 Qxg6 24. Rxc7 Rh4 25. Be1 Rh5 26. Bd2 Qh6 27. Rxd7 Rxh2
28. Kf2 Qh4+ 29. Ke2 Rxg2+ 30. Kd3 Qh3 31. Qd1 Rg3 32. Kxd4 Nxf3+ 33. Rxf3 Rxf3
34. Bb4 Rf1 35. Qe2 Rd1+ 0-1

[Event "Miedzynarodowy Festiwal Szachowy VARSOVIA 2019 - grupa A"]
[Site "Warszawa"]
[Date "1899-12-30"]
[Round "5.20"]
[White "Wikar, Martyna"]
[Black "Starosta, Martyna"]
[Result "1/2-1/2"]
[WhiteTitle "k+"]
[BlackTitle "WCM"]
[WhiteElo "1978"]
[BlackElo "2019"]

1. Nf3 Nf6 2. g3 g6 3. Bg2 Bg7 4. d4 c5 5. O-O Qc7 6. Nc3 d6 7. dxc5 Qxc5 8. Be3
Qa5 9. Nd4 Ng4 10. Bf4 Na6 11. h3 Ne5 1/2-1/2

[Event "Miedzynarodowy Festiwal Szachowy VARSOVIA 2019 - grupa A"]
[Site "Warszawa"]
[Date "1899-12-30"]
[Round "5.21"]
[White "Rudzinska, Michalina"]
[Black "Falkowski, Dawid"]
[Result "0-1"]
[WhiteTitle "WFM"]
[BlackTitle "k"]
[WhiteElo "2005"]
[BlackElo "1957"]

1. e4 c5 2. Nf3 Nc6 3. d4 cxd4 4. Nxd4 Nf6 5. Nc3 d6 6. Bc4 e6 7. Be3 Be7 8. Qe2
a6 9. Bb3 Qc7 10. O-O-O O-O 11. g4 Nxd4 12. Rxd4 b5 13. g5 Nd7 14. h4 Nc5 15.
Kb1 Bd7 16. h5 a5 17. Nxb5 Bxb5 18. Qxb5 a4 19. Bxa4 Rfb8 20. Qc6 Qa5 21. e5 dxe5
22. Rg4 Nxa4 23. g6 Rxb2+ 24. Kc1 Rab8 25. gxf7+ Kf8 0-1

[Event "Miedzynarodowy Festiwal Szachowy VARSOVIA 2019 - grupa A"]
[Site "Warszawa"]
[Date "1899-12-30"]
[Round "5.22"]
[White "Szewczyk, Mariusz"]
[Black "Bugajski, Robert"]
[Result "1-0"]
[WhiteTitle "I++"]
[BlackTitle "FM"]
[WhiteElo "2022"]
[BlackElo "2203"]

1. e4 c5 2. Nf3 d6 3. Bb5+ Nd7 4. O-O Ngf6 5. Re1 e6 6. c3 a6 7. Bf1 Be7 8. d4
O-O 9. Bf4 cxd4 10. cxd4 b5 11. a4 b4 12. a5 d5 13. e5 Ne4 14. Nbd2 f5 15. exf6
Ndxf6 16. Be5 Bd6 17. Bd3 Bxe5 18. dxe5 Nc5 19. Bb1 Nfd7 20. Nb3 Ne4 21. Nbd4
Ndc5 22. Nc6 Qe8 23. Nxb4 Rb8 24. Nd3 Nxd3 25. Bxd3 Rxb2 26. Bxe4 dxe4 27. Rxe4
Bb7 28. Rg4 Qb5 29. Rc1 Bxf3 30. gxf3 Qxe5 31. Qd7 h6 32. Kg2 Qf6 33. Qd3 Rb5
34. Rc7 Rg5 35. Qe3 Rxg4+ 36. fxg4 e5 37. Rc5 Qf4 38. Qxf4 Rxf4 39. Kg3 Ra4 40.
Rxe5 Kf7 41. h4 Kf6 42. Rc5 Kf7 43. h5 Kf8 44. f3 Kf7 45. Rf5+ Ke6 46. Kf2 Ra3
47. Kg3 Ra4 48. Rc5 Kf7 49. g5 hxg5 50. Rxg5 Kf8 51. Rc5 Kf7 52. f4 Kg8 53. Kg4
Kh7 54. Kg5 Ra1 55. Kf5 Kh6 56. Rc6+ Kxh5 57. Rxa6 g6+ 58. Ke5 Re1+ 59. Kd4 Rd1+
60. Ke5 Re1+ 61. Kf6 Re4 62. Kg7 Rxf4 63. Rxg6 Ra4 64. a6 Re4 65. Rb6 1-0

[Event "Miedzynarodowy Festiwal Szachowy VARSOVIA 2019 - grupa A"]
[Site "Warszawa"]
[Date "1899-12-30"]
[Round "5.23"]
[White "Czernek, Tymon"]
[Black "Derylo, Kamil"]
[Result "1/2-1/2"]
[WhiteTitle "I++"]
[BlackTitle "I++"]
[WhiteElo "2097"]
[BlackElo "1999"]

1. e4 c5 2. Nf3 Nc6 3. d4 cxd4 4. Nxd4 Nf6 5. Nc3 e5 6. Ndb5 d6 7. Bg5 a6 8. Na3
b5 9. Nd5 Be7 10. Bxf6 Bxf6 11. c3 Ne7 12. Nxf6+ gxf6 13. Nc2 Bb7 14. Qd3 d5 15.
exd5 Qxd5 16. Ne3 Qe6 17. a4 Rd8 18. Qc2 bxa4 19. Qxa4+ Bc6 20. Qc4 Qxc4 21. Bxc4
Bb5 22. Bxb5+ axb5 23. Ra6 Nd5 24. O-O O-O 25. Nxd5 Rxd5 26. Rxf6 Rd2 27. b4 Rc8
28. Rf5 Re2 29. f4 Rxc3 30. fxe5 Rcc2 31. Rg5+ Kf8 32. e6 Rxe6 33. Rxb5 Ree2 34.
Rg5 Rb2 35. Rg4 h5 36. Rg5 Rxb4 37. Rxh5 Rg4 38. g3 Rb4 39. Rhf5 Rb7 40. R5f3
Kg8 41. h4 Rbb2 42. R1f2 Rxf2 43. Rxf2 Rb5 44. Kg2 f5 45. Rc2 Kg7 46. Rc6 Rb4
47. Kf3 Ra4 48. h5 Rb4 49. Rg6+ Kf7 50. Ra6 Kg7 51. h6+ Kh7 52. Rf6 Ra4 53. Rxf5
Kxh6 54. Rf4 Ra6 55. Kg4 Kg6 56. Re4 Rb6 57. Kh4 Ra6 58. Rg4+ Kh6 59. Rb4 Rc6
60. g4 Ra6 61. Rb8 Rc6 62. Rb5 1/2-1/2

[Event "Miedzynarodowy Festiwal Szachowy VARSOVIA 2019 - grupa A"]
[Site "Warszawa"]
[Date "1899-12-30"]
[Round "5.24"]
[White "Jurkiewicz, Krzysztof"]
[Black "Skurniak, Szymon"]
[Result "0-1"]
[WhiteTitle "k"]
[BlackTitle "I+"]
[WhiteElo "2023"]
[BlackElo "2030"]

1. d4 Nf6 2. c4 g6 3. Nc3 d5 4. Nf3 Bg7 5. Bg5 Ne4 6. cxd5 Nxg5 7. Nxg5 O-O 8.
Nf3 c6 9. e3 cxd5 10. Qb3 e6 11. Be2 Nc6 12. O-O Na5 13. Qc2 Bd7 14. b4 Nc4 15.
Bxc4 dxc4 16. b5 a6 17. Rab1 Qa5 18. a4 axb5 19. axb5 Rfc8 20. h3 Qc7 21. Ra1
Ra5 22. Rxa5 Qxa5 23. Rb1 b6 24. Rb2 Qa1+ 25. Kh2 Bf8 26. Na4 c3 27. Nxc3 Qa5
28. Rb3 Bb4 29. Ne5 Be8 30. Nc6 Bxc6 31. Rxb4 Qxb4 32. bxc6 Qd6+ 0-1

[Event "Miedzynarodowy Festiwal Szachowy VARSOVIA 2019 - grupa A"]
[Site "Warszawa"]
[Date "1899-12-30"]
[Round "5.25"]
[White "Malaczek, Mateusz"]
[Black "Jarocka, Liwia"]
[Result "1/2-1/2"]
[WhiteTitle "II+"]
[BlackTitle "FM"]
[WhiteElo "2028"]
[BlackElo "1907"]

1. Nf3 d5 2. c4 e6 3. b3 Nf6 4. Bb2 b6 5. e3 Be7 6. Qc2 c5 7. Be2 Nbd7 8. Rg1 O-O
9. g4 Ne4 10. Nc3 Bb7 11. d3 Nxc3 12. Bxc3 Bf6 13. g5 Bxc3+ 14. Qxc3 Re8 15. Ne5
Nxe5 16. Qxe5 Qb8 17. Qxb8 Raxb8 18. Bf3 dxc4 19. Bxb7 Rxb7 20. dxc4 Rd7 21. Ke2
Red8 22. Rad1 Kf8 23. Rxd7 Rxd7 1/2-1/2

[Event "Miedzynarodowy Festiwal Szachowy VARSOVIA 2019 - grupa A"]
[Site "Warszawa"]
[Date "1899-12-30"]
[Round "5.26"]
[White "Czechowski, Jakub"]
[Black "Wielecki, Zygmunt"]
[Result "1-0"]
[WhiteTitle "I+"]
[BlackTitle "k"]
[WhiteElo "1963"]
[BlackElo "2095"]

1. d4 Nf6 2. c4 e6 3. Nc3 Bb4 4. e3 O-O 5. Bd3 c6 6. Nge2 d6 7. a3 Ba5 8. Qc2 Nbd7
9. O-O e5 10. b4 Bc7 11. d5 c5 12. Bf5 Nb6 13. Bxc8 Qxc8 14. bxc5 dxc5 15. Qd3
Ne8 16. Ne4 Bd6 17. Bb2 Qd8 18. Rac1 f5 19. Nxd6 Qxd6 20. f4 e4 21. Qb3 Nd7 22.
Ba1 b6 23. Nc3 Nc7 24. Qb2 Rf7 25. h3 a6 26. a4 Rb8 27. Rfd1 Ne8 28. Rd2 Qg6 29.
Kh2 Nd6 30. Qa2 Qh5 31. Ne2 Rb7 32. a5 b5 33. cxb5 Nxb5 34. Nc3 Nxc3 35. Bxc3
Rf8 36. Rb1 Rxb1 37. Qxb1 Rb8 38. Rb2 Qe8 39. Qa1 1-0

[Event "Miedzynarodowy Festiwal Szachowy VARSOVIA 2019 - grupa A"]
[Site "Warszawa"]
[Date "1899-12-30"]
[Round "5.27"]
[White "Hetzer, Volkhard"]
[Black "Zarebska, Lena"]
[Result "1/2-1/2"]
[WhiteTitle ""]
[BlackTitle "I++"]
[WhiteElo "1927"]
[BlackElo "1915"]

1. Nf3 Nf6 2. c4 g6 3. Nc3 Bg7 4. g3 O-O 5. Bg2 c5 6. O-O Nc6 7. d4 cxd4 8. Nxd4
Nxd4 9. Qxd4 d6 10. Qd3 Nd7 11. b3 a6 12. Be3 Rb8 13. Rac1 Ne5 14. Qd2 Ng4 15.
Ba7 Ra8 16. Bd4 Bh6 17. f4 e5 18. Bf2 exf4 19. gxf4 Qa5 20. Bd4 Bg7 21. Bxg7 Kxg7
22. Qd4+ f6 23. h3 Nh6 24. e4 Qh5 25. Rf3 Bd7 26. Qd5 Qxd5 27. Nxd5 Rae8 28. Re3
f5 29. e5 dxe5 30. Rxe5 Rxe5 31. fxe5 Bc6 32. Nf4 Re8 33. Nd5 Rf8 34. e6 Re8 35.
Nc7 Re7 1/2-1/2

[Event "Miedzynarodowy Festiwal Szachowy VARSOVIA 2019 - grupa A"]
[Site "Warszawa"]
[Date "1899-12-30"]
[Round "6.1"]
[White "Kislinsky, Alexey"]
[Black "Kowalczyk, Rafal"]
[Result "1/2-1/2"]
[WhiteTitle "GM"]
[BlackTitle "k++"]
[WhiteElo "2460"]
[BlackElo "2242"]

1. e4 e5 2. Nf3 Nc6 3. d4 exd4 4. Nxd4 Nf6 5. Nxc6 bxc6 6. e5 Qe7 7. Qe2 Nd5 8.
h4 f6 9. c4 Ba6 10. Rh3 Nb6 11. exf6 Qxe2+ 12. Bxe2 Bxc4 13. fxg7 Bxg7 14. Bh5+
Kd8 15. Nc3 Be6 16. g4 Nd5 17. Nxd5 Bxd5 18. Bg5+ Kc8 19. O-O-O Bxa2 20. f4 Rb8
21. Rd2 Rb4 22. f5 Be5 23. Ra3 Bb3 24. Kb1 d6 25. Rf2 Bd5 26. Bh6 Kd7 27. Re3
1/2-1/2

[Event "Miedzynarodowy Festiwal Szachowy VARSOVIA 2019 - grupa A"]
[Site "Warszawa"]
[Date "1899-12-30"]
[Round "6.2"]
[White "Dzida, Kamil"]
[Black "Czerwonski, Aleksander"]
[Result "1/2-1/2"]
[WhiteTitle "k"]
[BlackTitle "IM"]
[WhiteElo "2090"]
[BlackElo "2358"]

1. e4 d6 2. d4 Nf6 3. Nc3 g6 4. Nf3 Bg7 5. Be2 O-O 6. O-O Nc6 7. d5 Nb8 8. h3 c6
9. Be3 Nbd7 10. a4 Qc7 11. a5 Nc5 12. Nd2 cxd5 13. exd5 Bf5 14. Bf3 Na6 15. Ra4
Bd7 16. Rh4 Qxa5 17. Bh6 Bxh6 18. Rxh6 Qb4 19. Nde4 Qxb2 20. Nxf6+ exf6 21. Qd2
Rac8 22. Ne4 Qe5 23. Rh4 g5 24. Rh5 Bf5 25. Nxg5 fxg5 26. Rxg5+ Kh8 27. Bg4 Rxc2
28. Qa5 Rc5 29. Qa3 Qc3 30. Qxc3+ Rxc3 31. Bxf5 h6 32. Rh5 Kg7 33. Re1 Nc5 34.
g4 a5 35. h4 a4 36. g5 hxg5 37. Rxg5+ Kf6 38. Bg4 Rd8 39. Rf5+ Kg7 40. Re7 Rf8
41. Rg5+ Kf6 42. Re1 Rh8 43. Rf5+ Kg6 44. Rg5+ Kh6 45. Re7 Rf8 46. Rh5+ Kg6 47.
Rg5+ 1/2-1/2

[Event "Miedzynarodowy Festiwal Szachowy VARSOVIA 2019 - grupa A"]
[Site "Warszawa"]
[Date "1899-12-30"]
[Round "6.3"]
[White "Eggink, Ryszard"]
[Black "Siekanski, Janusz"]
[Result "1-0"]
[WhiteTitle "m"]
[BlackTitle "k"]
[WhiteElo "2402"]
[BlackElo "2206"]

1. e4 c5 2. Nf3 e6 3. d4 cxd4 4. Nxd4 Nf6 5. Nc3 d6 6. g4 Nc6 7. g5 Nd7 8. h4 Be7
9. Be3 O-O 10. Qd2 Nde5 11. O-O-O Ng4 12. Nxc6 bxc6 13. Bf4 Qb6 14. f3 e5 15.
Bg3 Ne3 16. Na4 Nxf1 17. Nxb6 Nxd2 18. Nxc8 Raxc8 19. Kxd2 f6 20. gxf6 Rxf6 21.
Ke2 Rb8 22. b3 Kf7 23. h5 Ke6 24. c4 Rf7 25. Be1 Bd8 26. Rd3 Bb6 27. Bc3 a5 28.
Rhd1 Rd7 29. f4 exf4 30. Kf3 Bc5 31. Bxa5 Ra7 32. Bd2 Rxa2 33. Bxf4 Rf2+ 34. Kg3
Rb2 35. Rxd6+ Bxd6 36. Rxd6+ Ke7 37. Rxc6 R8xb3+ 38. Kg4 Rg2+ 39. Kf5 g6+ 40.
Ke5 g5 41. Rc7+ Kf8 42. Bxg5 Ke8 43. Bf6 h6 44. c5 Rb4 45. c6 Re2 46. Re7+ Kf8
47. Kf5 Rc4 48. e5 Rxc6 49. Kg6 Rf2 50. Ra7 Rg2+ 51. Kxh6 Rg1 52. Kh7 Rg2 53.
Bg7+ Rxg7+ 54. Rxg7 Re6 55. Rg5 Kf7 56. Rf5+ Ke8 57. Kg7 1-0

[Event "Miedzynarodowy Festiwal Szachowy VARSOVIA 2019 - grupa A"]
[Site "Warszawa"]
[Date "1899-12-30"]
[Round "6.4"]
[White "Pacan-milej, Kosma"]
[Black "Fiszer, Bartosz"]
[Result "1-0"]
[WhiteTitle "FM"]
[BlackTitle "CM"]
[WhiteElo "2315"]
[BlackElo "2146"]

1. d4 Nf6 2. c4 g6 3. Nc3 Bg7 4. e4 d6 5. Be2 O-O 6. Be3 c5 7. d5 e6 8. Nf3 exd5
9. cxd5 b5 10. e5 dxe5 11. Bxc5 Re8 12. Bxb5 e4 13. Nd2 Bg4 14. Qa4 Nbd7 15. Bd4
Nb6 16. Qb3 Re7 17. O-O Nfxd5 18. Bxg7 Kxg7 19. Ndxe4 f5 20. Nxd5 Qxd5 21. Qc3+
Qe5 22. Qxe5+ Rxe5 23. Nc3 f4 24. Rfe1 Rg5 25. Re7+ Kh6 26. Rae1 Bf3 27. g3 fxg3
28. fxg3 Rd8 29. Rf7 Rf5 30. Rxf5 gxf5 31. Re6+ Kg5 32. Kf2 Bd5 33. Nxd5 Rxd5
34. h4+ Kg4 35. Be2+ Kh3 36. Re7 h6 37. Rxa7 Rd2 38. b3 Rb2 39. Ra5 Nc8 40. Rxf5
Nd6 41. Re5 Rxa2 42. g4 Rb2 43. g5 h5 44. g6 Rxb3 45. g7 Rg3 46. Re3 Ne4+ 47.
Rxe4 Rxg7 48. Bxh5 Rg2+ 49. Kf1 Rh2 50. Be2 Rg2 51. h5 Rg7 52. Kf2 Rg2+ 53. Ke3
1-0

[Event "Miedzynarodowy Festiwal Szachowy VARSOVIA 2019 - grupa A"]
[Site "Warszawa"]
[Date "1899-12-30"]
[Round "6.5"]
[White "Chomczyk, Marek"]
[Black "Kubicka, Anna"]
[Result "1-0"]
[WhiteTitle "k++"]
[BlackTitle "WIM"]
[WhiteElo "2274"]
[BlackElo "2221"]

1. d4 Nf6 2. c4 c5 3. d5 b5 4. cxb5 a6 5. bxa6 Bxa6 6. Nc3 d6 7. e4 Bxf1 8. Kxf1
g6 9. g3 Bg7 10. Kg2 O-O 11. Nf3 Qa5 12. Nd2 Na6 13. Nc4 Qb4 14. Qe2 Nd7 15. h4
h5 16. a3 Qb3 17. Na5 Qb6 18. Nc6 Rfe8 19. Bg5 Nf6 20. e5 Nxd5 21. Nxd5 Qxc6 22.
Qf3 Kh8 23. exd6 exd6 24. Rad1 Re5 25. Nb6 Qxf3+ 26. Kxf3 Rf5+ 27. Kg2 Re8 28.
Rxd6 Bd4 29. Bf4 Re2 30. Rf1 Rf6 31. Rd8+ Kg7 32. Nc4 Rc2 33. Nd6 Rxf4 34. Ne8+
Kh7 35. gxf4 Rxb2 36. Rd7 Kg8 37. Nd6 Nb8 38. Rxf7 Nc6 39. Rc7 Na5 40. f5 Rb6
41. Re1 Bg7 42. Re8+ Kh7 43. f6 1-0

[Event "Miedzynarodowy Festiwal Szachowy VARSOVIA 2019 - grupa A"]
[Site "Warszawa"]
[Date "1899-12-30"]
[Round "6.6"]
[White "Seemann, Jakub"]
[Black "Kokoszczynski, Jan"]
[Result "0-1"]
[WhiteTitle "I+"]
[BlackTitle "k"]
[WhiteElo "2050"]
[BlackElo "2264"]

1. e4 d6 2. d4 Nf6 3. Nc3 e5 4. Nf3 Nbd7 5. Bc4 Be7 6. O-O O-O 7. h3 c6 8. a4 b6
9. Re1 Bb7 10. Qe2 a6 11. d5 cxd5 12. exd5 Qc7 13. Rd1 Rfe8 14. g4 Bf8 15. Nd2
g6 16. g5 Nh5 17. Ba2 Bc8 18. Nde4 Nc5 19. Kh2 Bg7 20. Nxc5 bxc5 21. Ne4 Bf5 22.
Qf3 Qd7 23. Be3 Qxa4 24. Bc4 Qxc4 25. Nxd6 Qxc2 26. Rac1 e4 27. Rxc2 exf3 28.
Nxf5 gxf5 29. Bxc5 Re2 30. Rc3 Be5+ 31. Kg1 Bxc3 0-1

[Event "Miedzynarodowy Festiwal Szachowy VARSOVIA 2019 - grupa A"]
[Site "Warszawa"]
[Date "1899-12-30"]
[Round "6.7"]
[White "Bukojemski, Adam"]
[Black "Licznerski, Lukasz"]
[Result "0-1"]
[WhiteTitle "k"]
[BlackTitle "FM"]
[WhiteElo "2219"]
[BlackElo "2373"]

1. e4 c6 2. d4 d5 3. Nd2 dxe4 4. Nxe4 Nd7 5. Ng5 Ngf6 6. Bd3 e6 7. N1f3 Bd6 8.
Qe2 h6 9. Ne4 Nxe4 10. Qxe4 Nf6 11. Qe2 b6 12. Bd2 Bb7 13. Ne5 Qc7 14. O-O-O O-O-O
15. Ba6 Bxa6 16. Qxa6+ Kb8 17. Rhe1 Bxe5 18. dxe5 Nd5 19. Qa3 c5 20. Qg3 c4 21.
Re4 Rc8 22. h4 h5 23. Qa3 Qb7 24. f3 b5 25. Bb4 Rc6 26. Rxd5 exd5 27. Bd6+ Ka8
28. Rd4 Ra6 29. Qc5 Rxa2 30. Kb1 Ra4 31. Bf8 Rh6 32. Rxd5 Qc6 33. Qd4 c3 34. b4
Qc4 35. Rd8+ Kb7 36. Rd7+ Kc8 37. Rd8+ Kb7 38. Rd7+ Kc6 39. Rd6+ Rxd6 40. Qxd6+
Kb7 41. Qd7+ Ka6 42. Qd6+ Kb7 43. Qd7+ Kb8 44. Qe8+ Kc7 45. Qe7+ Kb6 46. Qd8+
Qc7 47. Bc5+ Kc6 48. Qa8+ Qb7 49. Qe8+ Qd7 50. Qa8+ Kc7 51. Bd6+ Kb6 52. Qd5 Rxb4+
53. Kc1 Rc4 54. Kd1 Qb7 55. Qd3 Qc6 56. Ke2 a5 57. Qe3+ Ka6 58. Qg5 Qd5 59. Qd8
b4 0-1

[Event "Miedzynarodowy Festiwal Szachowy VARSOVIA 2019 - grupa A"]
[Site "Warszawa"]
[Date "1899-12-30"]
[Round "6.8"]
[White "Adamski, Jan"]
[Black "Kowalski, Igor"]
[Result "1-0"]
[WhiteTitle "IM"]
[BlackTitle "FM"]
[WhiteElo "2170"]
[BlackElo "2354"]

1. Nf3 Nf6 2. c4 g6 3. Nc3 Bg7 4. d4 O-O 5. Bg5 d6 6. e3 Nbd7 7. Qc2 Re8 8. Rd1
c6 9. Be2 Qc7 10. O-O e5 11. Bh4 h6 12. a3 Nh7 13. dxe5 dxe5 14. Ne4 Nb6 15. Nd6
Rf8 16. c5 Nd5 17. Bc4 Be6 18. Bg3 Qe7 19. Bxe5 Ng5 20. Nxg5 hxg5 21. Bxg7 Kxg7
22. f4 gxf4 23. exf4 Rh8 24. f5 gxf5 25. Bxd5 cxd5 26. Nxf5+ Bxf5 27. Rxf5 Qe3+
28. Qf2 Qxf2+ 29. Kxf2 Rac8 30. Rdxd5 Rc7 31. Rg5+ Kf6 32. h3 Rh4 33. Rgf5+ Kg6
34. Rg5+ Kf6 35. Rg4 Rxg4 36. hxg4 Ke6 37. Rf5 Rd7 38. b4 a5 39. c6 bxc6 40. Rxa5
Rd3 41. g5 Rb3 42. g3 Rc3 43. Kg2 Ke7 44. Kh3 Kf8 45. Rf5 Kg7 46. a4 Rc4 47. Rf4
Rc3 48. Kh4 Kg6 49. b5 cxb5 50. axb5 Rb3 51. Rf6+ Kg7 52. b6 Rb4+ 53. Kh3 Rb5
54. Kg4 Rb4+ 55. Kf3 Rb3+ 56. Ke4 Rb5 57. Rd6 Rxg5 58. Rd5 Rxg3 59. Rb5 1-0

[Event "Miedzynarodowy Festiwal Szachowy VARSOVIA 2019 - grupa A"]
[Site "Warszawa"]
[Date "1899-12-30"]
[Round "6.9"]
[White "Goslawski, Michal"]
[Black "Niekras, Dawid"]
[Result "1/2-1/2"]
[WhiteTitle "k+"]
[BlackTitle "FM"]
[WhiteElo "2157"]
[BlackElo "2331"]

1. Nf3 Nf6 2. c4 g6 3. g3 Bg7 4. Bg2 O-O 5. O-O c5 6. d4 cxd4 7. Nxd4 d5 8. cxd5
Nxd5 9. Nb5 Be6 10. Nd4 Bc8 11. Nb5 Be6 12. Nd4 Bc8 1/2-1/2

[Event "Miedzynarodowy Festiwal Szachowy VARSOVIA 2019 - grupa A"]
[Site "Warszawa"]
[Date "1899-12-30"]
[Round "6.10"]
[White "Praczukowski, Stanislaw"]
[Black "Chyzy, Jakub"]
[Result "0-1"]
[WhiteTitle "k"]
[BlackTitle "FM"]
[WhiteElo "2078"]
[BlackElo "2291"]

1. d4 Nf6 2. c4 d6 3. Nf3 Nbd7 4. Nc3 e5 5. g3 Be7 6. Bg2 O-O 7. O-O c6 8. Qc2
Re8 9. Rd1 Bf8 10. b3 a6 11. dxe5 dxe5 12. Ng5 Qc7 13. Nge4 Nxe4 14. Nxe4 f5 15.
Ng5 Nf6 16. c5 Kh8 17. Qc4 Re7 18. Bb2 h6 19. Nf3 Be6 20. Qc2 Nd7 21. Nh4 Rf7
22. Ng6+ Kg8 23. Nxf8 Raxf8 24. Rd6 Re7 25. Rad1 e4 26. Qc3 Bd5 27. Bh3 Nf6 28.
Qe3 Ne8 29. Qf4 Ref7 30. Be5 Qc8 31. R6xd5 cxd5 32. Rxd5 Qe6 33. Rd1 g5 34. Qxe4
g4 0-1

[Event "Miedzynarodowy Festiwal Szachowy VARSOVIA 2019 - grupa A"]
[Site "Warszawa"]
[Date "1899-12-30"]
[Round "6.11"]
[White "Rahul Kumar, Pune"]
[Black "Stachanczyk, Jacek"]
[Result "1-0"]
[WhiteTitle ""]
[BlackTitle "IM"]
[WhiteElo "2148"]
[BlackElo "2160"]

1. e4 c5 2. b4 cxb4 3. Nf3 d5 4. exd5 Qxd5 5. c4 Qd8 6. d4 e6 7. a3 Nf6 8. Bd3
Nc6 9. Bb2 bxa3 10. Nxa3 Bb4+ 11. Kf1 Be7 12. Nc2 O-O 13. g4 b6 14. Rg1 Bb7 15.
Rg3 Nb4 16. Nxb4 Bxb4 17. Qe2 Re8 18. Ne5 g6 19. Qe3 Bf8 20. Qf4 Bg7 21. g5 Nh5
22. Qxf7+ Kh8 23. d5 1-0

[Event "Miedzynarodowy Festiwal Szachowy VARSOVIA 2019 - grupa A"]
[Site "Warszawa"]
[Date "1899-12-30"]
[Round "6.12"]
[White "Wojtaszewski, Piotr"]
[Black "Vysochin, Spartak"]
[Result "0-1"]
[WhiteTitle "I++"]
[BlackTitle "GM"]
[WhiteElo "2045"]
[BlackElo "2512"]

1. c4 e5 2. Nc3 Bb4 3. g3 Bxc3 4. dxc3 d6 5. Bg2 Ne7 6. e4 O-O 7. Ne2 b6 8. O-O
Bb7 9. f4 exf4 10. Nxf4 Nd7 11. b3 a5 12. Be3 Nc6 13. Bd4 Nce5 14. Nd3 Qe7 15.
Nxe5 Nxe5 16. Bxe5 Qxe5 17. Qd4 Rfe8 18. Rae1 g6 19. a4 Re7 20. Qd2 Rae8 21. Qd3
Qc5+ 22. Qd4 Qxd4+ 23. cxd4 Bxe4 24. c5 Bxg2 25. Rxe7 Rxe7 26. Kxg2 Re2+ 27. Kf3
Rxh2 28. cxb6 cxb6 29. Ke4 h5 30. Kd5 Rd2 31. Rf4 Rd3 32. g4 hxg4 33. Rxg4 Kg7
34. Kxd6 f5 35. Rf4 Kf6 36. d5 g5 37. Rc4 f4 38. Rc8 Kf5 39. Rf8+ Ke4 40. Re8+
Kf3 41. Kc6 g4 42. d6 g3 43. d7 g2 44. Rg8 Kf2 45. Kc7 f3 0-1

[Event "Miedzynarodowy Festiwal Szachowy VARSOVIA 2019 - grupa A"]
[Site "Warszawa"]
[Date "1899-12-30"]
[Round "6.13"]
[White "Martins, David Pires Tavares"]
[Black "Kolasinski, Krzysztof"]
[Result "1/2-1/2"]
[WhiteTitle "IM"]
[BlackTitle "I++"]
[WhiteElo "2422"]
[BlackElo "2115"]

1. Nf3 Nf6 2. g3 g6 3. b3 Bg7 4. Bb2 O-O 5. Bg2 d5 6. c4 c6 7. O-O Nbd7 8. Nc3
e5 9. cxd5 cxd5 10. d4 e4 11. Ne5 Re8 12. f3 exf3 13. exf3 Nxe5 14. dxe5 Rxe5
15. f4 Qb6+ 16. Kh1 Rh5 17. Bf3 Bh3 18. Bxh5 gxh5 19. Na4 Qe6 20. Re1 Qf5 21.
Rc1 Ne4 22. Qf3 Bg4 23. Qe3 h4 24. Bxg7 Kxg7 25. Nc3 hxg3 26. Nxe4 dxe4 27. Qxg3
Kh8 28. Rc3 Bf3+ 29. Rxf3 exf3 30. Rg1 Qf6 31. Qxf3 Rd8 32. Qxb7 Qxf4 33. Qg2
Qe5 34. Qf3 1/2-1/2

[Event "Miedzynarodowy Festiwal Szachowy VARSOVIA 2019 - grupa A"]
[Site "Warszawa"]
[Date "1899-12-30"]
[Round "6.14"]
[White "Malicka, Maria"]
[Black "Mikhaletz, Lubomir"]
[Result "1/2-1/2"]
[WhiteTitle "WCM"]
[BlackTitle "GM"]
[WhiteElo "2104"]
[BlackElo "2386"]

1. e4 c5 2. Nf3 d6 3. d4 cxd4 4. Nxd4 Nf6 5. Nc3 g6 6. Be3 Bg7 7. f3 Nc6 8. Qd2
O-O 9. O-O-O d5 10. Qe1 e5 11. Nxc6 bxc6 12. exd5 Nxd5 13. Bc4 Be6 14. Kb1 Rb8
15. Ne4 Qc7 16. Bc5 Rfd8 17. Bb3 h6 18. c4 Nf4 19. Bd6 Rxd6 20. Nxd6 Nxg2 21.
Qd2 Nh4 22. Qe3 Bf8 23. c5 Nf5 24. Nxf5 Bxf5+ 25. Ka1 a5 26. Rd2 a4 27. Bxa4 Be6
28. Bb3 Rxb3 29. axb3 Qa5+ 30. Kb1 Bxc5 31. Qxe5 Bxb3 32. Qb8+ Kg7 33. Qxb3 Qxd2
34. Qc3+ Qxc3 35. bxc3 g5 36. Kc2 h5 37. Ra1 Kf6 38. h3 Bf2 39. Kd3 Ke5 40. Ra4
f5 41. Ke2 Bg1 42. Rc4 Kd5 43. Ra4 Ke5 44. Rc4 1/2-1/2

[Event "Miedzynarodowy Festiwal Szachowy VARSOVIA 2019 - grupa A"]
[Site "Warszawa"]
[Date "1899-12-30"]
[Round "6.15"]
[White "Falkowski, Dawid"]
[Black "Chylewski, Patryk"]
[Result "0-1"]
[WhiteTitle "k"]
[BlackTitle "FM"]
[WhiteElo "1957"]
[BlackElo "2357"]

1. e4 c5 2. Nc3 e6 3. g3 Nc6 4. Bg2 g6 5. d3 Bg7 6. Be3 d6 7. Qd2 Nge7 8. Bh6 O-O
9. h4 Bxh6 10. Qxh6 f6 11. Nge2 e5 12. Qd2 Nd4 13. Nd5 Nxd5 14. exd5 Bg4 15. Nxd4
cxd4 16. O-O Bd7 17. c4 dxc3 18. bxc3 Qa5 19. Rab1 b5 20. Rb4 Rac8 21. Rfb1 Rc5
22. h5 g5 23. d4 exd4 24. Qxd4 Qc7 25. Re1 a5 26. Rb2 Rc4 27. Qd1 Rxc3 28. Kh2
Qd8 29. h6 Rc7 30. Qd3 Rf7 31. Rbe2 Qf8 32. Kg1 Qxh6 33. Qa3 Qf8 34. Qxa5 Rc4
35. Qb6 Kg7 36. Qa7 Qd8 37. Qa6 Qf8 38. Qa7 h6 39. Qb6 f5 40. f3 f4 41. g4 Rc5
42. Rd2 Re7 43. Kf1 Rxe1+ 44. Kxe1 Be8 45. Bf1 Qf6 46. Kf2 Bf7 47. Bxb5 Qc3 48.
Re2 Qd4+ 49. Kg2 Qxd5 50. a4 h5 51. Qd8 hxg4 0-1

[Event "Miedzynarodowy Festiwal Szachowy VARSOVIA 2019 - grupa A"]
[Site "Warszawa"]
[Date "1899-12-30"]
[Round "6.16"]
[White "Karwacki, Piotr"]
[Black "Koziorowicz, Michal"]
[Result "0-1"]
[WhiteTitle "I"]
[BlackTitle "k"]
[WhiteElo "1952"]
[BlackElo "2184"]

1. e4 c5 2. Nf3 e6 3. d4 cxd4 4. Nxd4 Nc6 5. Nc3 a6 6. a3 Qc7 7. Be3 Nf6 8. Be2
b5 9. g4 h6 10. f4 Bb7 11. Bf3 Na5 12. Bc1 Bc5 13. g5 hxg5 14. fxg5 Rxh2 15. Rxh2
Qxh2 16. gxf6 Qg1+ 17. Ke2 Qxd4 18. Qxd4 Bxd4 19. fxg7 Bxg7 20. Bf4 O-O-O 21.
Rg1 Bd4 22. Rd1 e5 23. Be3 Bxe3 24. Kxe3 Nc4+ 25. Kf2 Nxb2 26. Rd6 Nc4 27. Rf6
Nxa3 28. Rxf7 Nxc2 29. Bg4 Na3 30. Ke3 Nc4+ 31. Kd3 Bc6 32. Bh3 Kc7 33. Bf5 Kb6
34. Rf6 d6 35. Na4+ Ka5 36. Nc3 Kb4 37. Be6 a5 38. Bd5 Bxd5 39. Nxd5+ Kb3 40.
Rf2 Rc8 0-1

[Event "Miedzynarodowy Festiwal Szachowy VARSOVIA 2019 - grupa A"]
[Site "Warszawa"]
[Date "1899-12-30"]
[Round "6.17"]
[White "Smieszek, Wojciech"]
[Black "Goraj, Barbara"]
[Result "1/2-1/2"]
[WhiteTitle "k"]
[BlackTitle "WCM"]
[WhiteElo "2140"]
[BlackElo "2044"]

1. e4 c5 2. Nf3 Nc6 3. d4 cxd4 4. Nxd4 Nf6 5. Nc3 d6 6. Be2 e5 7. Nf3 Be7 8. O-O
h6 9. Re1 O-O 10. h3 Be6 11. Bf1 a6 12. a4 Qc7 13. b3 Nb4 14. Bb2 Rad8 15. Qe2
Kh7 16. a5 g6 17. Ra4 Nc6 18. Bc1 Rfe8 19. Qd2 Bf8 20. Nd5 Bxd5 21. exd5 e4 22.
dxc6 exf3 23. cxb7 Qxb7 24. Rb4 Qd7 25. Rb6 Rxe1 26. Qxe1 Re8 27. Qd1 fxg2 28.
Bxg2 Qf5 29. Bb2 Qxa5 30. Qd4 Bg7 31. Rb7 Qe1+ 32. Kh2 Re7 33. Rxe7 Qxe7 34. Ba3
Ne8 35. Qe4 Qxe4 36. Bxe4 Be5+ 37. Kg2 Nc7 38. c4 a5 39. Kf3 Ne6 40. Bd5 Nd4+
41. Ke4 f5+ 42. Kd3 Nxb3 43. Ke3 g5 44. Bc6 Nd4 45. Ba4 Ne6 46. Bd7 Ng7 47. c5
dxc5 48. Bxc5 Kg6 49. Kd3 Bc7 50. Bd4 f4 51. Ke4 Bd8 52. Bc3 Kf7 53. Bb5 Bb6 54.
f3 Nh5 55. Kd5 Nf6+ 56. Ke5 Ne8 57. Ba4 Bc7+ 58. Kf5 Nd6+ 59. Kg4 Nb7 60. Bb3+
Kg6 61. Bc2+ Kf7 62. Kh5 Nc5 63. Kxh6 Bd8 64. Bd4 Be7 65. Bg6+ Ke6 66. Bxc5 Bxc5
67. Kxg5 Bd6 68. h4 Be7+ 69. Kg4 Kf6 1/2-1/2